Analgesia post-operatoria después de la coadministración de clonidina y morfina por vía intratecal en cirugía cardiovascular

Збережено в:
Бібліографічні деталі
Автор: Olavarría O., Constanza (autora)
Формат: Книга
Мова:Іспанська
Опубліковано: Valparaíso Universidad Católica de Valparaíso 2001
Предмети:
Теги: Додати тег
Немає тегів, Будьте першим, хто поставить тег для цього запису!

MARC

LEADER 00000nam a2200000 a 4500
001 UCM6779
003 CL-VaPUC
008 021122e20010000CL |||||||||||||||||spa|d
082 0 4 |a 617.0727  |b OLA  |2 21 
100 |a Olavarría O., Constanza  |e autora  |9 799437 
245 1 0 |a Analgesia post-operatoria después de la coadministración de clonidina y morfina por vía intratecal en cirugía cardiovascular 
300 |a 23 h 
942 |c BK 
945 |d 20021122 00:00:00  |a cmena 
260 |a Valparaíso  |b Universidad Católica de Valparaíso  |c 2001 
500 |a Taller de Estadística, solicitado por Claudia Núñez; prof. guía: Axa Rojas Durandeaux; Renato Allende Olivares 
650 7 |a CIRUGIA CARDIOVASCULAR  |2 CL-VaPUC  |9 356098 
650 0 |a Anestesia   |9 472636 
650 0 |a Métodos estadísticos   |9 259407 
650 0 |a Análisis estadístico  |9 269506 
650 0 |a Estadística matemática  |9 260028 
583 |a last modification  |c 20130403 05:55:54  |k Rodrigo Vera 
999 |c 302002  |d 302000 
952 |0 0  |1 0  |2 ddc  |4 0  |6 617_072700000000000_OLA_2001  |7 0  |8 T  |9 361975  |a BIBGIM  |b BIBGIM  |d 2019-11-21  |i 3848973  |o 617.0727 OLA 2001  |p 3848973  |r 2019-11-21  |w 2019-11-21  |y BK_F  |k EST